000 00453nam a2200181Ia 4500
001 13001
005 20260306163021.0
008 260306t2003||||xx |||||||||||||| ||spa||
041 _aESP
082 _aRD 621.03
_bN29
100 _aNavarro Schlegel, Anna
_eAUT
245 0 _aDiccionario de términos de comunicación y redes
260 _c2003
300 _a612 páginas :
_c25 cm.
650 _aGEN
654 _aCET
942 _cDIC
_dJUS
_fJUS
_2ddc
_n
999 _c13001
_d13001